Catálogo

Salt of the earth : (Registro nro. 62064)

Detalles MARC
000 -LEADER
fixed length control field 01041cam a2200301 i 4500
001 - CONTROL NUMBER
control field 62064
003 - CONTROL NUMBER IDENTIFIER
control field Mx-PuUPA
005 - DATE AND TIME OF LATEST TRANSACTION
control field 20230307094959.0
008 - FIXED-LENGTH DATA ELEMENTS--GENERAL INFORMATION
fixed length control field 150209s1991 mx gr 000 eng d
020 ## - INTERNATIONAL STANDARD BOOK NUMBER
International Standard Book Number 9687011289
040 ## - CATALOGING SOURCE
Original cataloging agency Mx-PuUPA
Language of cataloging spa
Transcribing agency Mx-PuUPA
Modifying agency Mx-PuUPA
Description conventions rda
041 0# - LANGUAGE CODE
Language code of text/sound track or separate title eng
100 1# - MAIN ENTRY--PERSONAL NAME
Personal name Scott, Lindy B.,
Dates associated with a name autor
245 10 - TITLE STATEMENT
Title Salt of the earth :
Remainder of title a socio-political history of Mexico city evangelical protestants (1964-1991) /
Statement of responsibility, etc. Lindy Scott
250 ## - EDITION STATEMENT
Edition statement First printing
264 #1 - PRODUCTION, PUBLICATION, DISTRIBUTION, MANUFACTURE, AND COPYRIGHT NOTICE
Place of production, publication, distribution, manufacture México, D.F. :
Name of producer, publisher, distributor, manufacturer Editorial Kyrios,
Date of production, publication, distribution, manufacture, or copyright notice ©1991
300 ## - PHYSICAL DESCRIPTION
Extent 223 páginas ;
Dimensions 22 cm
336 ## - CONTENT TYPE
Fuente rdacontent
Content type term texto
Content type code txt
337 ## - MEDIA TYPE
Source rdamedia
Media type term sin medio
Media type code n
338 ## - CARRIER TYPE
Source rdacarrier
Carrier type term volumen
Carrier type code nc
500 ## - GENERAL NOTE
General note "Lindy " Luis" Scott". -- Cubierta.
650 #7 - SUBJECT ADDED ENTRY--TOPICAL TERM
Source of heading or term armarc
Topical term or geographic name entry element Iglesia
General subdivision Problemas sociales
650 #7 - SUBJECT ADDED ENTRY--TOPICAL TERM
Source of heading or term armarc
Topical term or geographic name entry element Iglesias protestantes
Geographic subdivision México
Chronological subdivision Siglo XX
651 #4 - SUBJECT ADDED ENTRY--GEOGRAPHIC NAME
Geographic name México
General subdivision Historia eclesiástica
Chronological subdivision Siglo XX
942 ## - ADDED ENTRY ELEMENTS (KOHA)
Source of classification or shelving scheme Dewey Decimal Classification
Koha item type Libro
Classification part 280.409
Item part S42
Existencias
Withdrawn status Lost status Source of classification or shelving scheme Damaged status Not for loan Collection code Home library Current library Shelving location Date acquired Source of acquisition Total Checkouts Full call number Barcode Date last seen Price effective from Koha item type
    Dewey Decimal Classification     General Centro de Estudios en Ciencia y Religión Centro de Estudios en Ciencia y Religión Sala general 09/02/2015 Compra   280.409 S42 1991 93453 05/01/2026 20/11/2015 Libro